Dibuixar és pensar /
ISBN:
9788410278288
Descripción Física:
216 pàgines : il·lustracions en color ; 24 cm
Descripción:
Recorregut cronològic per l'obra de Chris Ware, un mestre de la historieta i gran renovador del llenguatge del còmic. El catàleg ens acosta a l'univers creatiu d'aquest artista emotiu, artesà i minuciós, influït pels orígens de còmic, la música ragtime i l'arquitectura, que ha na...
Otros Autores:
Costa, Jordi, 1966-
,
Costa, Jordi, 1966-
,
Palà, Marina
,
Peeters, Benoît, 1956-
,
Pujadas, Bernat
,
Lamuela, Helena
,
Waudby, Mark
Materias:
Ware, Chris, -- 1967- -- Exposicions
; Centre de Cultura Contemporània de Barcelona -- Exposicions
; Il·lustradors -- Estats Units d'Amèrica -- Exposicions
; Còmics -- Estats Units d'Amèrica -- Exposicions
; Dibuixants de còmics -- Estats Units d'Amèrica -- Exposicions
Idioma:
Catalán , English
MARC
| LEADER | 00000cam a2200000 i 4500 | ||
|---|---|---|---|
| 001 | 28922 | ||
| 003 | AGDB | ||
| 005 | 20260324181533.0 | ||
| 008 | 250331s2025 spc 000 0 cat d | ||
| 015 | |a LL2025 |2 bnc | ||
| 017 | |a B 3771-2025 |b Biblioteca de Catalunya | ||
| 020 | |a 9788410278288 | ||
| 020 | |a 8410278286 | ||
| 040 | |a ES-BaEESI |b cat |e rda |c ES-BaEESI |d ES-BaBC | ||
| 041 | |a cat |a eng |h eng | ||
| 080 | |a 74Ware, Chris |x (083.824) |2 2004 | ||
| 080 | |a 75.056.071.1 |x (73) |x (083.824) |2 2004 | ||
| 080 | |a 741.5 |x -051 |x (73) |x (083.824) |2 2004 | ||
| 080 | |a 741.5 |x (73) |x (083.824) |2 2004 | ||
| 100 | 1 | |a Ware, Chris, |d 1967- |9 72216 | |
| 240 | 1 | 0 | |a Obres. |k Seleccions |
| 245 | 1 | 0 | |a Dibuixar és pensar / |c direcció: Jordi Costa ; textos: Benoît Peeters [i 5 més] ; traducció: Bernat Pujadas, Helena Lamuela, Mark Waudby |
| 264 | 1 | |a Barcelona : |b Centre de Cultura Contemporània de Barcelona ; |c 2025 | |
| 300 | |a 216 pàgines : |b il·lustracions en color ; |c 24 cm | ||
| 336 | |a text |b txt |2 rdacontent | ||
| 336 | |a imatge fixa |b sti |2 rdacontent | ||
| 337 | |a sense mediació |b n |2 rdamedia | ||
| 338 | |a volum |b nc |2 rdacarrier | ||
| 500 | |a Publicat amb motiu d'una exposició celebrada al Centre de Cultura Contemporània de Barcelona, del 3 d'abril al 9 de novembre de 2025. | ||
| 500 | |a La sobrecoberta és un pòster de l'exposició doblegat. | ||
| 504 | |a Bibliografia: pàgina 214. | ||
| 520 | |a Recorregut cronològic per l'obra de Chris Ware, un mestre de la historieta i gran renovador del llenguatge del còmic. El catàleg ens acosta a l'univers creatiu d'aquest artista emotiu, artesà i minuciós, influït pels orígens de còmic, la música ragtime i l'arquitectura, que ha narrat de manera brillant les emocions humanes, el racisme, el consumisme o els efectes de la política en la vida quotidiana. Segons Ware, «dibuixar és pensar», perquè el dibuix ens connecta amb el pensament i la memòria. |2 -- CCCB | ||
| 546 | |a Text en català i anglès. | ||
| 546 | |a També en castellà i anglès (R. 28923). | ||
| 600 | 1 | 0 | |a Ware, Chris, |d 1967- |v Exposicions |9 72224 |
| 610 | 2 | 0 | |a Centre de Cultura Contemporània de Barcelona |v Exposicions |9 56162 |
| 650 | 0 | |a Il·lustradors |z Estats Units d'Amèrica |x Exposicions |9 72221 | |
| 650 | 0 | |a Còmics |z Estats Units d'Amèrica |x Exposicions |9 72222 | |
| 650 | 0 | |a Dibuixants de còmics |z Estats Units d'Amèrica |x Exposicions |9 72223 | |
| 700 | 1 | |a Costa, Jordi, |d 1966- |e editor literari |e escriptor d'un text complementari |9 72215 | |
| 700 | 1 | |a Palà, Marina |e coordinadora |9 41454 | |
| 700 | |a Peeters, Benoît, |d 1956- |e escriptor d'un text complementari |9 72217 | ||
| 700 | 1 | |a Pujadas, Bernat, |e traductor |9 72218 | |
| 700 | 1 | |a Lamuela, Helena, |e traductora |9 72219 | |
| 700 | 1 | |a Waudby, Mark, |e traductor |9 72220 | |
| 710 | 2 | |a Centre de Cultura Contemporània de Barcelona |e institució d'acollida |9 52510 | |
| 908 | |a ELISAVA |a UPC |a BC | ||
| 940 | |a OCLC | ||
| 942 | |2 udc |c ARXIU |n 1 | ||
| 952 | |0 0 |1 0 |4 0 |6 BIB1316 |7 1 |9 98216 |a Arxiu |b Arxiu |d 2025-06-30 |l 0 |o Bib-1316 |p 28922 |r 2025-06-30 00:00:00 |w 2025-06-30 |y ARXIU | ||
| 999 | |c 129994 |d 129994 | ||